How Fast Can You Spell Supercalifragilisticexpialidocious? - Statistics

General Stats
  • This quiz has been taken 5,176 times
  • The average score is 30 of 34
Answer Stats
Letter % Correct
S
100%
U
98%
E
96%
P
96%
R
95%
A
93%
C
93%
I
92%
L
92%
F
90%
R
90%
A
89%
G
89%
I
87%
L
87%
I
86%
S
86%
I
85%
T
85%
C
84%
E
84%
X
84%
A
83%
I
83%
L
83%
P
83%
D
81%
I
81%
O
81%
C
80%
I
80%
O
80%
S
79%
U
79%
No matching quizzes found
Score Distribution
Percent of People with Each Score
Percentile by Number Answered
Your Score History
You have not taken this quiz